Определение значений индексов Хаунсфилда объектов, изготовленных методом послойного наплавления с разными параметрами печати; Перспективы развития фундаментальных наук; Т. 1 : Физика
| Parent link: | Перспективы развития фундаментальных наук=Prospects of Fundamental Sciences Development: сборник научных трудов XV Международной конференции студентов, аспирантов и молодых ученых, г. Томск, 24-27 апреля 2018 г./ Национальный исследовательский Томский политехнический университет (ТПУ) ; под ред. И. А. Курзиной, Г. А. Вороновой.— , 2018 Т. 1 : Физика.— 2018.— [С. 150-152] |
|---|---|
| Main Author: | |
| Corporate Authors: | , |
| Other Authors: | , , |
| Summary: | Заглавие с экрана The results of the Hounsfield units determination for the objects produced by fused deposition modeling with different printing parameters were presented. The samples of cubic shape were made of SBS plastic with different polymer filling factors. The parameters of the samples were investigated with the help of medical CT scanner. |
| Language: | Russian |
| Published: |
2018
|
| Subjects: | |
| Online Access: | http://earchive.tpu.ru/handle/11683/50965 |
| Format: | Electronic Book Chapter |
| KOHA link: | https://koha.lib.tpu.ru/cgi-bin/koha/opac-detail.pl?biblionumber=627402 |
MARC
| LEADER | 00000naa2a2200000 4500 | ||
|---|---|---|---|
| 001 | 627402 | ||
| 005 | 20231225111540.0 | ||
| 035 | |a (RuTPU)RU\TPU\conf\27212 | ||
| 035 | |a RU\TPU\conf\27211 | ||
| 090 | |a 627402 | ||
| 100 | |a 20180905d2018 k y0rusy50 ca | ||
| 101 | 0 | |a rus | |
| 102 | |a RU | ||
| 105 | |a y z 100zy | ||
| 135 | |a drcn ---uucaa | ||
| 181 | 0 | |a i | |
| 182 | 0 | |a b | |
| 200 | 1 | |a Определение значений индексов Хаунсфилда объектов, изготовленных методом послойного наплавления с разными параметрами печати |d Hounsfield units determination of the objects produced by fused deposition modeling with different printing parameters |f А. А. Исмаилова, М. С. Шкурупий, Ю. М. Черепенников |g науч. рук. С. Г. Стучебров | |
| 203 | |a Текст |c электронный | ||
| 300 | |a Заглавие с экрана | ||
| 320 | |a [Библиогр.: с. 152 (5 назв.)] | ||
| 330 | |a The results of the Hounsfield units determination for the objects produced by fused deposition modeling with different printing parameters were presented. The samples of cubic shape were made of SBS plastic with different polymer filling factors. The parameters of the samples were investigated with the help of medical CT scanner. | ||
| 461 | 1 | |0 (RuTPU)RU\TPU\conf\26928 |t Перспективы развития фундаментальных наук |l Prospects of Fundamental Sciences Development |o сборник научных трудов XV Международной конференции студентов, аспирантов и молодых ученых, г. Томск, 24-27 апреля 2018 г. |o в 7 т. |f Национальный исследовательский Томский политехнический университет (ТПУ) ; под ред. И. А. Курзиной, Г. А. Вороновой |d 2018 | |
| 463 | 1 | |0 (RuTPU)RU\TPU\conf\26929 |t Т. 1 : Физика |v [С. 150-152] |d 2018 | |
| 510 | 1 | |a Hounsfield units determination of the objects produced by fused deposition modeling with different printing parameters |z eng | |
| 610 | 1 | |a электронный ресурс | |
| 610 | 1 | |a труды учёных ТПУ | |
| 610 | 1 | |a индексы Хаунсфилда | |
| 610 | 1 | |a наплавление | |
| 610 | 1 | |a осаждение | |
| 610 | 1 | |a полимеры | |
| 610 | 1 | |a аддитивные технологии | |
| 610 | 1 | |a 3D-печать | |
| 700 | 1 | |a Исмаилова |b А. А. | |
| 701 | 1 | |a Шкурупий |b М. С. | |
| 701 | 1 | |a Черепенников |b Ю. М. |c физик |c доцент Томского политехнического университета, кандидат наук |f 1989- |g Юрий Михайлович |3 (RuTPU)RU\TPU\pers\30116 |9 14522 | |
| 702 | 1 | |a Стучебров |b С. Г. |c физик |c инженер-исследователь Томского политехнического университета |f 1981- |g Сергей Геннадьевич |4 727 | |
| 712 | 0 | 2 | |a Национальный исследовательский Томский политехнический университет |b Инженерная школа ядерных технологий |b Отделение ядерно-топливного цикла |3 (RuTPU)RU\TPU\col\23554 |
| 712 | 0 | 2 | |a Национальный исследовательский Томский политехнический университет |b Исследовательская школа физики высокоэнергетических процессов |c (2017- ) |3 (RuTPU)RU\TPU\col\23551 |
| 801 | 2 | |a RU |b 63413507 |c 20181004 |g RCR | |
| 856 | 4 | |u http://earchive.tpu.ru/handle/11683/50965 | |
| 942 | |c BK | ||